000 00370 a2200169 4500
001 190493
020 _a978-85-249-2044-8
040 _cMagnum
100 _aMeneses, Silvana de
240 1 0 _aA ovelha negra da Rita
_lpor
245 1 0 _aA ovelha negra da Rita
300 _a37
362 0 _a2013
440 1 _aCortez
697 _aLITERATURA INFANTIL
942 _cBK
999 _c190493
_d190493